[Event "Mitropa Cup"]
[Site "Aymavilles ITA"]
[Date "2000.11.20"]
[Round "3"]
[White "Castaldo,F"]
[Black "Colin,V"]
[Result "1-0"]
[WhiteElo "2227"]
[BlackElo "2294"]

1.e4 d6 2.d4 Nf6 3.Nc3 Nbd7 4.f4 e5 5.Nf3 exd4 6.Qxd4 Be7 7.e5 dxe5 8.fxe5 Bc5
9.Qa4 Nh5 10.Bg5 f6 11.exf6 Nxf6 12.O-O-O O-O 13.Qc4+ Kh8 14.Rxd7 Bxd7 15.Qxc5 b6
16.Qe5 Ng4 17.Bxd8 Nxe5 18.Bxc7 Nxf3 19.gxf3 Bc6 20.Rg1 Bxf3 21.Be5 Rf7 22.Bd3 Re8
23.Bd4 Rd8 24.Be3 Bc6 25.Ne2 Rf3 26.Bd4 Rd7 27.Bc3 Rf2 28.Nd4 Bd5 29.Nf5 Rg2
30.Rxg2 Bxg2 31.Kd2 Bh3 32.Nxg7 Rxg7 33.Ke3 h6 34.Kf4 Kg8 35.Bxg7 Kxg7 36.Ke5 h5
37.c4 a5 38.Kd6 Kf6 39.Kc6 Ke5 40.Kxb6 Kd4 41.Be2 a4 42.c5 h4 43.c6 Ke3 44.Ba6 Kd2
45.c7 Kc2 46.c8=Q+  1-0

[Event "VI Open"]
[Site "Lisbon POR"]
[Date "2000.11.22"]
[Round "5"]
[White "Lalic,B"]
[Black "Rocha,S"]
[Result "1-0"]
[WhiteElo "2520"]
[BlackElo "2374"]

1.d4 d6 2.e4 Nf6 3.Nc3 Nbd7 4.Nf3 e5 5.Bc4 Be7 6.O-O O-O 7.a4 c6 8.h3 Qc7
9.Re1 Re8 10.b3 Bf8 11.Bb2 exd4 12.Nxd4 Ne5 13.Bf1 Bd7 14.f4 Ng6 15.g3 Rad8
16.Kh2 a6 17.Bg2 c5 18.Nf3 h5 19.Qd2 h4 20.Nxh4 Nxh4 21.gxh4 Bc6 22.Nd5 Nxd5
23.exd5 Bd7 24.Be4 c4 25.Bf6 Rc8 26.Qg2 cxb3 27.cxb3 Qc5 28.f5 Rxe4 29.Rxe4 Bxf5
30.Rf4 Bd3 31.Rd1 Qc2 32.Rd2 Qc1 33.Bb2 Qb1 34.h5 Re8 35.Rg4 g6 36.hxg6 Bxg6
37.Rd1 Qf5 38.Rf1 Qd3 39.Rf3 Qb1 40.Qf2 Bg7 41.Bxg7 Qd1 42.Rg1  1-0

[Event "Scaccomatto"]
[Site "Torino ITA"]
[Date "2000.11.22"]
[Round "5"]
[White "Cebalo,M"]
[Black "Georgiev,Vl"]
[Result "1-0"]
[WhiteElo "2520"]
[BlackElo "2564"]

1.d4 d6 2.e4 Nf6 3.Nc3 e5 4.Nf3 Nbd7 5.Bc4 Be7 6.O-O O-O 7.Re1 c6 8.Bf1 b5
9.a4 b4 10.Nb1 Qc7 11.Bg5 Re8 12.Nbd2 h6 13.Bh4 Nf8 14.Nc4 Ng6 15.dxe5 dxe5
16.Bxf6 Bxf6 17.Qd6 Qxd6 18.Nxd6 Rd8 19.Nxc8 Raxc8 20.g3 Rd6 21.Red1 Rcd8
22.Rxd6 Rxd6 23.c3 bxc3 24.bxc3 Bd8 25.Rb1 Bb6 26.Bc4 Rf6 27.Kg2 Kf8 28.Rb2 Ke7
29.h4 h5 30.a5 Bxa5 31.Rb7+ Kd6 32.Rxa7 Bxc3 33.Bxf7 Bb4 34.Be8 Nf8 35.Rxg7 Rh6
36.Ng5 Kc5 37.f4 Ne6 38.Nxe6+ Rxe6 39.Bg6 Kd4 40.Kf3 Bf8 41.Rf7 Bd6 42.Bf5 Rh6
43.Rd7  1-0

[Event "72nd ch-GER"]
[Site "Seebad Heringsdorf GER"]
[Date "2000.11.24"]
[Round "8"]
[White "Paulsen,D"]
[Black "Bischoff,K"]
[Result "1/2-1/2"]
[WhiteElo "2431"]
[BlackElo "2556"]

1.d4 d6 2.e4 Nf6 3.Nc3 c6 4.Nf3 Bg4 5.Be2 e6 6.Bg5 Be7 7.O-O Nbd7 8.Re1 h6
9.Bxf6 Bxf6 10.e5 Bxf3 11.exf6 Bxe2 12.fxg7 Rg8 13.Qxe2 d5 14.Nd1 Qf6 15.c3 O-O-O
16.Ne3 Rxg7 17.g3 Rh8 18.Ng4 Qf5 19.Ne5 h5 20.Qf3 Qxf3 21.Nxf3 h4 22.Kf1 hxg3
23.hxg3 Nf6 24.Kg2 Ne4 25.Rh1 Rgh7 26.Rxh7 Rxh7 27.Ne5 Kd8 28.Re1 Ke7 29.f3 Nd6
30.g4 Rh8 31.b3 Nb5 32.Re3 Rc8 33.a4 Nd6 34.Nd3 b6 35.b4 Nc4 36.Re1 Ra8 37.b5 cxb5
38.axb5 Na3 39.Ne5 Nxb5 40.Rh1 Nd6 41.g5 Rg8 42.f4 Nc4 43.Ng4 Nd6 44.Ne5 Nc4
45.Ng4 Nd6  1/2-1/2

[Event "Norkom European Masters"]
[Site "Kilkenny IRL"]
[Date "2000.11.25"]
[Round "3"]
[White "Rozentalis,E"]
[Black "Belkhodja,S"]
[Result "1/2-1/2"]
[WhiteElo "2570"]
[BlackElo "2440"]

1.e4 d6 2.d4 Nf6 3.Nc3 Nbd7 4.Nf3 e5 5.dxe5 dxe5 6.Bc4 Bb4 7.O-O Bxc3 8.bxc3 Qe7
9.Qe2 O-O 10.a4 b6 11.Ba3 c5 12.Nd2 Rd8 13.Bd3 Nf8 14.Nc4 Ng6 15.g3 Qe6 16.Ne3 Bb7
17.f3 Ne7 18.a5 h5 19.Rfb1 h4 20.Nc4 hxg3 21.hxg3 Nh5 22.Qh2 Ba6 23.Nxb6 axb6
24.Rxb6 Qc8 25.Qxh5 Bxd3 26.cxd3 Rxd3 27.Qxe5 Rxf3 28.Bxc5 Nc6 29.Qg5 Qh3
30.Bf2 Rf6 31.Qd5 Rh6 32.e5 Rd8 33.Qg2 Qg4 34.Re1 Nxa5 35.Rxh6 gxh6 36.Qe4 Qxe4
37.Rxe4 Rd3 38.Rg4+ Kf8 39.Bd4 Nc6 40.Kf2 Rd1 41.Rh4 Nxd4 42.cxd4 Ke7 43.Ke3 Rg1
44.Kf4 Rf1+ 45.Ke4 Rg1 46.Rxh6 Rxg3 47.d5 Rg1 48.Rh3  1/2-1/2

[Event "4NCL"]
[Site "Birmingham ENG"]
[Date "2000.11.26"]
[Round "4"]
[White "Richmond,P"]
[Black "Wade,R"]
[Result "0-1"]
[WhiteElo "2220"]
[BlackElo "2213"]

1.e4 d6 2.d4 Nf6 3.Nc3 c6 4.f4 Qa5 5.Bd3 e5 6.Nf3 Bg4 7.fxe5 dxe5 8.dxe5 Nfd7
9.Bf4 Bxf3 10.Qxf3 Nxe5 11.Bxe5 Qxe5 12.Bc4 f6 13.O-O-O Nd7 14.Bf7+ Ke7 15.Rhe1 Nb6
16.Bb3 Rd8 17.Nd5+ Ke8 18.Ne3 Bb4 19.c3 Bc5 20.Nf5 g6 21.Rxd8+ Kxd8 22.Nh6 Rf8
23.Nf7+ Rxf7 24.Bxf7 Qe7 25.Bg8 Bd6 26.Rd1 Kc7 27.Qd3 Nc8 28.g3 Be5 29.Bxh7 Qxh7
30.Qd8+ Kb8 31.Rd4 Qh3 32.Qe8 Qf1+ 33.Rd1 Qe2 34.Qxg6 Qxh2 35.Qf7 Qxg3 36.Qh7 Nd6
37.Qd7 Qe3+ 38.Kb1 Qxe4+ 39.Ka1 a6 40.Rxd6 Bxd6 41.Qxd6+ Ka8 42.b4 Qe5 43.Qd8+ Ka7
44.Kb2 f5 45.a4 Qd5 46.Qg5 Kb8 47.a5 c5 48.Qg7 cxb4 49.cxb4 Qd2+ 50.Kb3 Qe3+
51.Kc4 f4 52.Qg5 Ka7 53.Qh6 Qf2 54.Kd3 Qe3+ 55.Kc4 Qc1+ 56.Kd3 Qd1+ 57.Kc4 Qd2
58.Qg5 Qc2+ 59.Kd5 Qb3+ 60.Kd6 Qxb4+ 61.Kc7 Qd4 62.Qf5 Qc3+ 63.Kd6 f3 64.Qf4 Qc6+
65.Ke7 Qc5+ 66.Kd7 f2 67.Qf6 Qc6+  0-1

[Event "1st It"]
[Site "Odivelas POR"]
[Date "2000.12.01"]
[Round "4"]
[White "Fernandes,An"]
[Black "Strikovic,A"]
[Result "1/2-1/2"]
[WhiteElo "2438"]
[BlackElo "2490"]

1.d4 d6 2.e4 Nf6 3.Nc3 e5 4.dxe5 dxe5 5.Qxd8+ Kxd8 6.Bg5 Bd6 7.Bc4 Be6 8.Bb3 Ke7
9.Nd5+ Bxd5 10.Bxd5 c6 11.Bb3  1/2-1/2

[Event "Belgian Interteams 2000-1"]
[Site "BEL"]
[Date "2000.12.03"]
[Round "4"]
[White "Wunnink,M"]
[Black "Mauquoy,A"]
[Result "1/2-1/2"]
[WhiteElo "2206"]
[BlackElo "2144"]

1.e4 d6 2.d4 Nf6 3.Nc3 Nbd7 4.Nf3 e5 5.Bc4 Be7 6.O-O O-O 7.Re1 c6 8.a4 Qc7
9.h3 a5 10.Bg5 Rb8 11.Qd2 exd4 12.Nxd4 Nc5 13.Ba2 Be6 14.Bf4 Rbd8 15.Qe3 Qc8
16.Nxe6 Nxe6 17.e5 dxe5 18.Bxe5 Nd5 19.Nxd5 cxd5 20.c3 Qc6 21.Qf3 Rd7 22.Qg4 Kh8
23.Bb1 f6 24.Qh5 Ng5 25.Bf4 Ne4 26.f3 Bc5+ 27.Kh1 g6 28.Qh6 Nf2+ 29.Kh2 Rg8
30.Be3 Qd6+ 31.Qf4 d4 32.cxd4 Qxf4+ 33.Bxf4 Bxd4 34.Ba2 Rgd8 35.Be6 Re7 36.Bc4 Rde8
37.Rxe7 Rxe7 38.Bd6 Rd7 39.Ba3 Be5+ 40.Kg1 Nd1 41.Be6 Rd2 42.Rc1 Kg7 43.Rc8 f5
44.Be7 Bf4 45.Rg8+ Kh6 46.g4 Ne3 47.Bf8+ Kg5  1/2-1/2

[Event "Belgian Interteams 2000-1"]
[Site "BEL"]
[Date "2000.12.03"]
[Round "4"]
[White "Van Mil,J"]
[Black "Cekro,E"]
[Result "1/2-1/2"]
[WhiteElo "2422"]
[BlackElo "2390"]

1.e4 d6 2.d4 Nf6 3.Nc3 c6 4.a4 Nbd7 5.Nf3 e5 6.Bc4 Be7 7.Ba2 O-O 8.O-O a5
9.h3 exd4 10.Nxd4 Nc5 11.Re1 Ne8 12.Be3 Nc7 13.Qf3 N7a6 14.Rad1 Be6 15.Bb1 Bg5
16.Bf4 Bxf4 17.Qxf4 Qb6 18.b3 Rad8 19.Re3 Qc7 20.Rg3 Qe7 21.Nce2 Bc8 22.c3 Qe5
23.Qh4 Rfe8 24.Nf4 Kh8 25.Nh5 Qe7 26.Qxe7 Rxe7 27.Nxg7 Nxe4 28.Ngf5 Bxf5
29.Nxf5 Nxg3 30.Nxe7 Ne2+ 31.Kf1 Nxc3 32.Rc1 Nxb1 33.Rxb1 Re8 34.Nf5 d5 35.Rd1 Re5
36.g4 Kg8 37.Rd3 Nc5 38.Rf3 Ne4 39.Rf4 Nd2+ 40.Kg2 Nxb3 41.Nh6+ Kg7 42.Nxf7 Re4
43.Rxe4 dxe4 44.Nd6 Nc5 45.Kg3 Kf6 46.Kf4 b5 47.axb5 cxb5 48.Nxb5 a4 49.h4  1/2-1/2

[Event "Mitropa Team Cup"]
[Site "Charleville FRA"]
[Date "2000.12.03"]
[Round "9"]
[White "Kuba,G"]
[Black "Eliet,N"]
[Result "1/2-1/2"]
[WhiteElo "2260"]
[BlackElo "2391"]

1.e4 d6 2.d4 Nf6 3.Nc3 Nbd7 4.Nf3 e5 5.Bc4 Be7 6.O-O O-O 7.Re1 c6 8.a4 b6
9.h3 Bb7 10.dxe5 dxe5 11.Nh4 g6 12.Bh6 Re8 13.Qf3 Qc7 14.Rad1 Nc5 15.Nf5 Rad8  1/2-1/2

[Event "Mitropa Team Cup"]
[Site "Charleville FRA"]
[Date "2000.12.03"]
[Round "9"]
[White "Kalod,R"]
[Black "Varga,Zo"]
[Result "1-0"]
[WhiteElo "2483"]
[BlackElo "2541"]

1.e4 d6 2.d4 Nf6 3.Nc3 e5 4.Nf3 Nbd7 5.Bc4 Be7 6.O-O O-O 7.Re1 c6 8.a4 b6
9.Bg5 a6 10.d5 c5 11.Bf1 Ne8 12.Be3 g6 13.Bh6 Ng7 14.Rb1 f5 15.Nd2 Rb8 16.b4 Qc7
17.Nc4 f4 18.b5 a5 19.g3 g5 20.Bh3 Nf6 21.Bxc8 Qxc8 22.Bxg7 Kxg7 23.gxf4 Qh3
24.Qd3 Qg4+ 25.Qg3 gxf4 26.Qxg4+ Nxg4 27.h3 Nh6 28.Kh2 Rf6 29.Rg1+ Rg6 30.Rbf1 Nf7
31.Rg4 Bg5 32.h4 Bd8 33.Kh3 Bc7 34.Rfg1 Kf6 35.Nb1 Rbg8 36.Nbd2 h5 37.Rxg6+ Rxg6
38.Rxg6+ Kxg6 39.Nb3 Kf6 40.Nbd2 Ke7 41.Kg2 Kf6 42.Kf1 Ke7 43.Ke2 Kf6 44.Kd3 Ke7
45.Nf3 Kf6 46.Ke2 Kg6 47.Kf1 Kf6 48.Kg2 Kg6 49.Kh3 Kf6 50.Nfd2 Ke7 51.c3 Kf6
52.Nf3 Kg6 53.Kh2 Kf6 54.Kg1 Kg6 55.Kf1 Kf6 56.Ke2 Kg6 57.Kd2 Kf6 58.Kd3 Bd8
59.Ng5 Nxg5 60.hxg5+ Kxg5 61.Nxd6 h4 62.Ke2 Kg4 63.Nf7 f3+ 64.Ke3 Bf6 65.Nh6+ Kh5
66.Ng8 Bd8 67.Kxf3 Kg6 68.d6 Kf7 69.Ne7 Ke6 70.Nf5 c4 71.Kg4 Bf6 72.Nxh4 Kxd6
73.Nf3 Bg7 74.Kf5 Bh8 75.Kg6 Kc5 76.Ng5  1-0

[Event "Open"]
[Site "Milan ITA"]
[Date "2000.12.04"]
[Round "3"]
[White "Bertazzo,G"]
[Black "Laketic,G"]
[Result "0-1"]
[WhiteElo "2067"]
[BlackElo "2483"]

1.e4 Nf6 2.Nc3 d6 3.d4 e5 4.Nf3 Nbd7 5.Bc4 Be7 6.O-O O-O 7.dxe5 dxe5 8.Qe2 c6
9.a4 Qc7 10.a5 Bb4 11.Ng5 b5 12.axb6 Nxb6 13.Ba6 h6 14.Bxc8 Qxc8 15.Nf3 Bxc3
16.bxc3 Qe6 17.Ra5 Nfd7 18.Ba3 Nc4 19.Bxf8 Nxa5 20.Bb4 Nc4 21.Nd2 Nxd2 22.Qxd2 Nb6
23.Qe3 Nc4 24.Qd3 a5 25.Bc5 a4 26.Ra1 a3 27.h3 a2 28.Kh2 Kh7 29.g3 Ra5 30.Bb4 Ra7
31.Qf3 Kg8 32.Qf5 Qxf5 33.exf5 e4 34.Kg2 Ra8 35.g4 g6 36.Kg3 g5 37.Kg2 Kg7
38.Bc5 Kf6 39.Bd4+ Ke7 40.Bc5+ Kd7 41.Kf1 Ra5 42.Bb4 Ra8 43.Bc5 f6 44.Ke2 Ke8
45.Bb4 Kf7 46.Bc5 Ra4 47.Bd4 Ra5 48.Ke1 c5 49.Be3 Ke7 50.Ke2 Kd6 51.Rd1+ Kc6
52.Ra1 Kb5 53.Bc1 Ra8 54.Ke1 Kc6 55.Ke2 Kd5 56.Be3 Nxe3 57.Kxe3 Kc4 58.Kd2 Ra7  0-1

[Event "Open"]
[Site "Mallorca ESP"]
[Date "2000.12.05"]
[Round "4"]
[White "Moskalenko,V"]
[Black "Rivas Pastor,M"]
[Result "1/2-1/2"]
[WhiteElo "2508"]
[BlackElo "2420"]

1.d4 d6 2.e4 Nf6 3.Nc3 c6 4.f4 Qa5 5.e5 Ne4 6.Bd2 Nxd2 7.Qxd2 Bf5 8.Bd3 g6
9.Nf3 e6 10.O-O d5 11.h3 h5 12.a3 Bxd3 13.b4 Qc7 14.Qxd3 Nd7 15.Ne2 h4  1/2-1/2

[Event "FIDE WCh Women KO"]
[Site "New Delhi IND"]
[Date "2000.12.05"]
[Round "3.3"]
[White "Galliamova,A"]
[Black "Skripchenko,A"]
[Result "0-1"]
[WhiteElo "2526"]
[BlackElo "2450"]

1.e4 d6 2.d4 Nf6 3.Nc3 Nbd7 4.g3 e5 5.Bg2 c6 6.Nge2 Be7 7.O-O O-O 8.a4 Qc7
9.h3 b6 10.f4 Bb7 11.Be3 a6 12.g4 exd4 13.Nxd4 d5 14.e5 Ne8 15.Nf5 Bc5 16.Qd2 Rd8
17.Rae1 Bb4 18.Bf2 Nc5 19.Ra1 a5 20.Qe3 Ba6 21.Rfd1 Rb8 22.Ne2 Ne6 23.Ned4 Qd7
24.c3 Bc5 25.Rac1 N8c7 26.Ng3 Rfe8 27.f5 Nd8 28.Qf4 Bf8 29.h4 c5 30.Nc2 Nc6
31.Re1 Rbd8 32.Rcd1 b5 33.axb5 Bxb5 34.c4 Ba4 35.cxd5 Nxe5 36.Rxe5 Bxc2 37.Rc1 Bb3
38.Bxc5 Nxd5 39.Qd4 Rxe5 40.Qxe5 Bxc5+ 41.Rxc5 Nf6 42.g5 Ng4 43.Qf4 Qa7 44.Ne4 Bd5
45.Qc7 Qxc7 46.Rxc7 Ne3 47.Bf3 Nxf5 48.Nd2 Be6 49.Ne4 Nxh4 50.Be2 Nf5 51.Ra7 Nd4
52.Bf1 Nb3 53.Bb5 h6 54.gxh6 gxh6 55.Kf2 Rb8 56.Ba4 Nd4 57.Rxa5 Rxb2+ 58.Ke3 Nf5+
59.Kf4 Rb4 60.Bc2 Nd6 61.Ra8+ Kg7 62.Ke5 Nxe4 63.Bxe4 h5 64.Ra1 h4 65.Bc6 h3
66.Rg1+ Rg4 67.Rh1 Rc4 68.Be4 Kh6 69.Rg1 Kh5 70.Rg8 Rxe4+  0-1

[Event "Open"]
[Site "Mallorca ESP"]
[Date "2000.12.06"]
[Round "5"]
[White "Kovacevic,A"]
[Black "Vassallo,M"]
[Result "1-0"]
[WhiteElo "2513"]
[BlackElo "2431"]

1.e4 d6 2.d4 Nf6 3.Nc3 e5 4.Nf3 Nbd7 5.Bc4 Be7 6.O-O O-O 7.Re1 c6 8.a4 Qc7
9.Ba2 b6 10.h3 a6 11.Be3 Bb7 12.dxe5 dxe5 13.Nh4 g6 14.Bh6 Rfe8 15.Nf3 Bf8
16.Qc1 Bxh6 17.Qxh6 Nf8 18.Ng5 Re7 19.Re3 Kh8 20.Rd1 Ng8 21.Qh4 f6 22.Nf3 Ne6
23.Bxe6 Rxe6 24.Red3 Re7 25.Nh2 Rf8 26.Qg3 Bc8 27.Qe3 a5 28.Qd2 Rff7 29.Ng4 Rd7
30.Rd6 Qd8 31.Ne3 Kg7 32.Kf1 Ba6+ 33.Ke1 Rxd6 34.Qxd6 Qxd6 35.Rxd6 Rc7 36.Rd8 Ne7
37.Nb1 Nc8 38.Nd2 Kf7 39.Ndc4 Bxc4 40.Nxc4 Ke7 41.Rh8 Ke6 42.c3 Nd6 43.Nxd6 Kxd6
44.Rf8 Kc5 45.Rxf6 Kc4 46.Kd2 Kb3 47.Kc1 Kxa4 48.Kc2 b5 49.Rd6  1-0

[Event "FSIMA December"]
[Site "Budapest HUN"]
[Date "2000.12.09"]
[Round "7"]
[White "Berczes,C"]
[Black "Mensch,E"]
[Result "0-1"]
[WhiteElo "2189"]
[BlackElo "2302"]

1.e4 d6 2.d4 Nf6 3.Nc3 Nbd7 4.Bc4 e5 5.Nf3 Be7 6.O-O O-O 7.Re1 c6 8.a4 b6
9.d5 cxd5 10.Nxd5 Nxd5 11.Bxd5 Rb8 12.b3 Nf6 13.Ba3 Nxd5 14.Qxd5 Bb7 15.Qd3 Qc7
16.Rad1 Rbd8 17.c4 Qc8 18.Nd2 Qe6 19.Nb1 f5 20.f3 fxe4 21.fxe4 h6 22.Nc3 Qg6
23.Nd5 Bh4 24.Rf1 Kh7 25.Rf3 Bxd5 26.cxd5 Rf4 27.Rxf4 exf4 28.Qh3 Bf6 29.Qf5 Qxf5
30.exf5 Be5 31.Rc1 Rf8 32.Rc6 Rxf5 33.Bxd6 Bd4+ 34.Kf1 Rxd5 35.Bb8 a5 36.Rd6 Rxd6
37.Bxd6 g5 38.Ke2 Kg6 39.Kf3 Bc5 40.Bc7 Kf5 41.h3 h5 42.g4+ fxg3 43.Bxg3 g4+
44.hxg4+ hxg4+ 45.Ke2 Ke4 46.Bb8 Kd4 47.Kd2 Bb4+ 48.Kc2 Ke4 49.Ba7 Bc5 50.b4 axb4
51.a5 bxa5 52.Bxc5 g3 53.Kb3 g2 54.Kc4 Kf3 55.Kd3 b3 56.Bd4 a4 57.Kd2 a3
58.Kc3 b2 59.Kc2 Ke2  0-1

[Event "FSGM December"]
[Site "Budapest HUN"]
[Date "2000.12.09"]
[Round "7"]
[White "Czebe,A"]
[Black "Barbero,G"]
[Result "1-0"]
[WhiteElo "2520"]
[BlackElo "2445"]

1.e4 d6 2.d4 Nf6 3.Nc3 e5 4.dxe5 dxe5 5.Qxd8+ Kxd8 6.Bg5 c6 7.Bc4 Ke8 8.Nge2 Nbd7
9.O-O Be7 10.Bd2 b5 11.Bb3 Nc5 12.f4 Nfd7 13.fxe5 Nxe5 14.Bf4 Nxb3 15.axb3 Bc5+
16.Kh1 f6 17.Bxe5 fxe5 18.Nc1 Rf8 19.Rxf8+ Bxf8 20.Nd3 Bd6 21.Nb1 Bg4 22.b4 Bd1
23.Na3 Be2 24.Nc1 Bh5 25.Nd3 Bg6 26.Kg1 Bxe4 27.Nc5 Bg6 28.Na6 Rd8 29.Re1 e4
30.c4 Bf4 31.cxb5 Bd2 32.Ra1 cxb5 33.Nxb5 Be3+ 34.Kf1 Rd2 35.Re1 Rf2+ 36.Kg1 Re2+
37.Kf1 Rf2+ 38.Kg1 Bb6 39.Nc5 Rxb2 40.Nd4  1-0

[Event "52nd ch-Montenegro"]
[Site "Tivat YUG"]
[Date "2000.12.09"]
[Round "2"]
[White "Popadic,D"]
[Black "Mrsevic,M"]
[Result "1-0"]
[WhiteElo "2178"]
[BlackElo "2339"]

1.e4 d6 2.d4 Nf6 3.Nc3 Nbd7 4.Nf3 e5 5.dxe5 dxe5 6.Bc4 Bb4 7.O-O O-O 8.Nd5 Nxd5
9.Bxd5 Qf6 10.h3 c6 11.Bb3 Qg6 12.Qe2 a5 13.c3 Bc5 14.Bc2 b6 15.Rd1 Nf6 16.Kh1 Qh5
17.Be3 Nd7 18.Rd2 h6 19.Rad1 Ba6 20.Qe1 Bxe3 21.Qxe3 Nc5 22.Rd6 Rfc8 23.Kh2 f6
24.b4 axb4 25.cxb4 Nb7 26.Bb3+ Kh7 27.Rd7 Nd8 28.Re7 c5 29.Rdd7 c4 30.Rxg7+ Kh8
31.g4  1-0

[Event "TCh-YUG Women"]
[Site "Kragujevac YUG"]
[Date "2000.12.12"]
[Round "2"]
[White "Ivanovic,J"]
[Black "Stepovaia Dianchenko,T"]
[Result "0-1"]
[WhiteElo "2099"]
[BlackElo "2414"]

1.e4 d6 2.d4 Nf6 3.Nc3 e5 4.dxe5 dxe5 5.Qxd8+ Kxd8 6.Nf3 Bd6 7.Bc4 Be6 8.Bxe6 fxe6
9.O-O Nc6 10.Bg5 a6 11.Rad1 Ke7 12.Ne2 h6 13.Bxf6+ gxf6 14.c3 Rag8 15.b4 Nd8
16.Nd2 Nf7 17.Rb1 Ng5 18.Kh1 Rd8 19.Rb2 h5 20.Ng1 Kf7 21.Ngf3 Nxf3 22.Nxf3 Bf8
23.g3 Rd3 24.Kg2 Rxc3 25.b5 axb5 26.Rxb5 b6 27.Rb2 Bd6 28.Re1 Rd8 29.Ree2 Ba3
30.Rbc2 Rxc2 31.Rxc2 c5 32.Nd2 Bb4 33.Nc4 b5 34.Ne3 Rb8 35.Nd1 c4 36.Kf1 Bc5
37.Ke2 Bd4 38.a4 bxa4 39.Rxc4 Ra8 40.Rc2 a3 41.Ra2 Ke7 42.f3 Kd6 43.Kd3 Kc5
44.h3 Kb4  0-1

[Event "2nd Viking IM"]
[Site "York ENG"]
[Date "2000.12.14"]
[Round "2"]
[White "Goodger,M"]
[Black "Bergstrom,R"]
[Result "0-1"]
[WhiteElo "2148"]
[BlackElo "2308"]

1.e4 d6 2.d4 Nf6 3.Nc3 Nbd7 4.Nf3 e5 5.Bc4 Be7 6.O-O O-O 7.Re1 c6 8.a4 Re8
9.Ng5 Rf8 10.Nf3 h6 11.h3 Re8 12.dxe5 dxe5 13.Be3 Qc7 14.g3 Nc5 15.g4 Ne6
16.Kh2 Nh7 17.Kg2 Nhf8 18.Ne2 Ng6 19.c3 Bd8 20.Qb3 Qe7 21.Rh1 Qf6 22.Rag1 Bb6
23.Bxb6 axb6 24.Bxe6 fxe6 25.Qxb6 Rf8 26.Qe3 Qxf3+ 27.Qxf3 Nh4+ 28.Kg3 Nxf3
29.Ra1 Nd2  0-1

[Event "FSIMA December"]
[Site "Budapest HUN"]
[Date "2000.12.15"]
[Round "13"]
[White "Nieminen,K"]
[Black "Mensch,E"]
[Result "0-1"]
[WhiteElo "2225"]
[BlackElo "2302"]

1.e4 d6 2.d4 Nf6 3.Nc3 Nbd7 4.f4 e5 5.Nf3 exd4 6.Qxd4 c6 7.Be3 d5 8.e5 Bc5
9.Qd2 Bxe3 10.Qxe3 Qe7 11.Qe2 Ng4 12.O-O-O Nh6 13.Nd4 Nc5 14.h3 Nf5 15.Nxf5 Bxf5
16.g4 Be4 17.Rg1 O-O-O 18.Qe3 Kb8 19.Nxe4 Nxe4 20.Bg2 Nc5 21.Rge1 Rhe8 22.Qg3 Nd7
23.h4 Qb4 24.c3 Qc5 25.g5 Ka8 26.h5 Nb6 27.g6 hxg6 28.hxg6 fxg6 29.Rd4 Qa5
30.a3 c5 31.Rdd1 Qa4 32.e6 a6 33.e7 Rd7 34.Qxg6 Rdxe7 35.Rxe7 Rxe7 36.Qxb6 Re2
37.Rh1 Qc2+  0-1

[Event "XIII Carlos Torre Open"]
[Site "Merida MEX"]
[Date "2000.12.15"]
[Round "1"]
[White "Martin del Campo,R"]
[Black "Romero,R"]
[Result "1-0"]
[WhiteElo "2422"]
[BlackElo "2239"]

1.e4 d6 2.d4 Nf6 3.Nc3 e5 4.Nf3 Nbd7 5.Bc4 Be7 6.O-O O-O 7.Re1 c6 8.a4 Qc7
9.h3 a6 10.a5 b5 11.axb6 Nxb6 12.Bf1 a5 13.b3 Nbd7 14.Ba3 Re8 15.Na4 Ba6
16.Bxa6 Rxa6 17.dxe5 dxe5 18.Bxe7 Rxe7 19.Qd3 Qa7 20.Nd2 Nf8 21.Nc5 Rb6 22.Qc3 Rb5
23.Nd3 Ne6 24.Ra4 Nd4 25.Nxe5 Rb4 26.Nxc6 Rc7 27.Rxb4 axb4 28.Qxd4  1-0

[Event "Belgian Interteams 2000-1"]
[Site "BEL"]
[Date "2000.12.17"]
[Round "5"]
[White "Van Beers,E"]
[Black "Van Houtte,T"]
[Result "0-1"]
[WhiteElo "2346"]
[BlackElo "2229"]

1.e4 d6 2.d4 Nf6 3.Nc3 e5 4.dxe5 dxe5 5.Qxd8+ Kxd8 6.Nf3 Bd6 7.Bc4 Be6 8.Bxe6 fxe6
9.Be3 Nc6 10.O-O-O Ke7 11.a3 a6 12.h3 h6 13.Rhe1 b5 14.Nd2 Rhb8 15.Nb3 Nd7
16.g3 b4 17.axb4 Rxb4 18.Na2 Rb7 19.Nd2 Na5 20.f4 Rab8 21.fxe5 Nxe5 22.Bd4 g5
23.Nc3 c5 24.Bf2 Rxb2 25.Nb3 R8xb3 26.Rxd6 Kxd6 27.Rd1+ Kc6 28.cxb3 Rxf2  0-1

[Event "XIII Carlos Torre Open"]
[Site "Merida MEX"]
[Date "2000.12.17"]
[Round "4"]
[White "Ancheyta,T"]
[Black "Romero,R"]
[Result "1-0"]
[WhiteElo "2325"]
[BlackElo "2239"]

1.e4 d6 2.d4 Nf6 3.Nc3 e5 4.dxe5 dxe5 5.Qxd8+ Kxd8 6.Bg5 c6 7.O-O-O+ Ke8
8.Nf3 Nbd7 9.Bh4 Bb4 10.Bd3 Bxc3 11.bxc3 Nh5 12.g4 Nf4 13.Bg3 Ng6 14.h4 f6
15.h5 Ne7 16.Nh4 Nc5 17.Nf5 Nxf5 18.gxf5 b6 19.f4 Nxd3+ 20.Rxd3 Ba6 21.Rd6 exf4
22.Bxf4 Bb5 23.Rg1 Bc4 24.Rxc6 Be2 25.Rxg7 Bxh5 26.Re6+ Kd8 27.Rxf6 Bf3 28.Rd6+ Ke8
29.Re6+ Kd8 30.Bg5+ Kc8 31.Rc6+  1-0

[Event "ch-ISR Women"]
[Site "Ramat-Aviv/Modiin ISR"]
[Date "2000.12.18"]
[Round "2"]
[White "Klinova,M"]
[Black "Vovinkina,N"]
[Result "0-1"]
[WhiteElo "2350"]
[BlackElo "2090"]

1.e4 d6 2.d4 Nf6 3.Nc3 c6 4.f4 Qa5 5.Bd3 e5 6.dxe5 dxe5 7.f5 Nbd7 8.Nf3 Qb6
9.Qe2 Bc5 10.Bd2 Qxb2 11.Rb1 Qa3 12.Rb3 Qa5 13.g3 O-O 14.Kf1 Qc7 15.Kg2 Be7
16.h3 b5 17.g4 Nc5 18.Rbb1 b4 19.Nd1 a5 20.Nf2 Rd8 21.g5 Nfd7 22.Bc4 Nb6
23.g6 hxg6 24.fxg6 Nxc4 25.Qxc4 Be6 26.gxf7+ Bxf7 27.Qe2 Bh5 28.Be3 Rf8 29.Ng4 Nxe4
30.Rbf1 Nc3 31.Qe1 e4 32.Ng5 Bxg5 33.Bxg5 Qd6 34.Qh4 Bg6 35.Be3 Nd5 36.Qg5 Rad8
37.Rhg1 Nxe3+ 38.Nxe3 Qe6 39.Rd1 Rxd1 40.Rxd1 Qf6 41.Qxf6 Rxf6 42.Nc4 a4
43.Nb6 e3 44.Nxa4 Rf2+ 45.Kg3 Rxc2 46.Rd6 Be4 47.Rd4 Bd5 48.Rxb4 Rg2+ 49.Kf4 e2
50.Rb1 Bxa2 51.Re1 Bc4 52.Nc3 Rf2+ 53.Ke3 Rf1 54.Kd2 Kf7  0-1

[Event "XIII Carlos Torre Open"]
[Site "Merida MEX"]
[Date "2000.12.22"]
[Round "9"]
[White "Contreras Torres,J"]
[Black "Romero,R"]
[Result "1-0"]
[WhiteElo "2208"]
[BlackElo "2239"]

1.e4 d6 2.d4 Nf6 3.Nc3 e5 4.dxe5 dxe5 5.Qxd8+ Kxd8 6.Bg5 c6 7.Nf3 Nd7 8.O-O-O Ke8
9.Bc4 Bb4 10.Bxf6 gxf6 11.Ne2 Nc5 12.a3 Ba5 13.Ng3 Ne6 14.Nf5 Bc7 15.N3h4 Nf4
16.Nd6+ Bxd6 17.Rxd6 Be6 18.g3 Rd8 19.Rxd8+ Kxd8 20.Ba6 Nh3 21.Bxb7 Nxf2
22.Rf1 Ng4 23.Bxc6 Ne3 24.Rxf6 Ke7 25.Rh6 f6 26.Ng6+ Kf7 27.Nxh8+ Kg7 28.Rh4  1-0

[Event "17th Open"]
[Site "Boblinger GER"]
[Date "2000.12.28"]
[Round "5"]
[White "Werner,I"]
[Black "Kalod,R"]
[Result "0-1"]
[WhiteElo "2258"]
[BlackElo "2483"]

1.e4 d6 2.d4 Nf6 3.Nc3 c6 4.f4 Qa5 5.Bd3 e5 6.Nf3 Bg4 7.Be3 Nbd7 8.O-O Be7
9.h3 Bxf3 10.Qxf3 O-O 11.a3 Qc7 12.Kh1 Rfe8 13.dxe5 dxe5 14.f5 h6 15.Bc4 b5
16.Bd3 Rad8 17.Qf2 a6 18.g4 c5 19.Rad1 c4 20.Be2 Bc5 21.Nd5 Nxd5 22.Rxd5 Bxe3
23.Qxe3 Qb6 24.Qxb6 Nxb6 25.Rxd8 Rxd8 26.Rd1 Rxd1+ 27.Bxd1 Na4 28.b3 Nc3
29.Bf3 cxb3 30.cxb3 Nb1 31.a4 bxa4 32.bxa4 a5 33.Bd1 Nc3 34.Bc2 Kf8 35.Kg2 Ke7
36.Kf3 Kd6 37.h4 Kc5 38.g5 hxg5 39.hxg5 Kb4 40.Kg4 Nxa4 41.Kh5 Nc5 42.f6 gxf6
43.gxf6 Kc3  0-1

[Event "Open"]
[Site "Ano Liosia GRE"]
[Date "2000.12.29"]
[Round "3"]
[White "Kapnisis,S"]
[Black "Schmaltz,R"]
[Result "0-1"]
[WhiteElo "2332"]
[BlackElo "2523"]

1.e4 d6 2.d4 Nf6 3.Nc3 Nbd7 4.Nf3 e5 5.Bc4 Be7 6.O-O O-O 7.Re1 c6 8.a4 b6
9.h3 a6 10.Ba2 Rb8 11.Qe2 b5 12.axb5 axb5 13.b4 Qc7 14.Rb1 h6 15.dxe5 dxe5
16.Nh4 Re8 17.Qf3 Nb6 18.Nf5 Bxf5 19.Qxf5 Nc4 20.Qf3 Red8 21.Be3 Nxe3 22.fxe3 Rd2
23.Re2 Rbd8 24.Nd5 R2xd5 25.exd5 cxd5 26.Qf5 Ra8 27.Bb3 Bxb4 28.Rf1 Bc5 29.Qd3 e4
30.Qxb5 Ra5  0-1

[Event "Ambassador Open"]
[Site "Bern SUI"]
[Date "2000.12.29"]
[Round "6"]
[White "Velicka,P"]
[Black "Seres,L"]
[Result "1/2-1/2"]
[WhiteElo "2464"]
[BlackElo "2444"]

1.e4 d6 2.d4 Nf6 3.Nc3 e5 4.Nf3 Nbd7 5.Bc4 Be7 6.O-O O-O 7.Re1 c6 8.a4 b6
9.d5 cxd5 10.Nxd5 Bb7 11.Nxf6+ Nxf6 12.Bd3 h6 13.c4 Qc7 14.b3 Bc6 15.Nh4 Rfe8
16.Nf5 Bf8 17.Qf3 Nd7 18.Qg4 Kh7 19.Re3 Re6 20.Rg3 Rg6 21.Qe2 Rxg3 22.hxg3 Nc5
23.Bc2 g6 24.Nh4 Qb7 25.b4 Ne6 26.Nf3 a5 27.b5  1/2-1/2

[Event "3rd Hilton Open"]
[Site "Basle SUI"]
[Date "2001.01.05"]
[Round "5"]
[White "Nemet,I"]
[Black "Barthel,A"]
[Result "1-0"]
[WhiteElo "2437"]
[BlackElo "2236"]

1.d4 d6 2.e4 Nf6 3.Nc3 c6 4.Nf3 Bg4 5.Be2 e6 6.O-O Be7 7.h3 Bh5 8.Be3 d5
9.Nd2 Bxe2 10.Qxe2 O-O 11.e5 Nfd7 12.f4 c5 13.dxc5 Nxc5 14.Nb5 Nc6 15.c3 a6
16.Nd4 Qc7 17.a4 Nd7 18.Kh1 Rac8 19.Nxc6 Qxc6 20.Bd4 Nb8 21.f5 exf5 22.Rxf5 Qe6
23.Raf1 Nc6 24.Nb3 Nxd4 25.Nxd4 Qg6 26.Qf3 Rcd8 27.Rf4 h5 28.h4 Bc5 29.Nf5 Rfe8
30.b4 Bf8 31.Nd4 Rxe5 32.Rxf7 Be7 33.Rf4 Bf6 34.g4 Re4 35.gxh5 Qe8 36.Rxf6 gxf6
37.Rg1+ Kf7 38.Nf5  1-0

[Event "3rd Hilton Open"]
[Site "Basle SUI"]
[Date "2001.01.06"]
[Round "6"]
[White "Eschmann,P"]
[Black "Porubszki,G"]
[Result "1-0"]
[WhiteElo "2177"]
[BlackElo "2002"]

1.e4 c6 2.d4 d6 3.Nc3 Nf6 4.Be2 Qc7 5.f4 e5 6.Nf3 Nbd7 7.O-O Be7 8.Kh1 O-O
9.fxe5 dxe5 10.dxe5 Ng4 11.Bf4 Bc5 12.Qe1 Be3 13.Bg3 Qa5 14.h3 Ngxe5 15.Nxe5 Nxe5
16.Nd5 Qxe1 17.Ne7+ Kh8 18.Raxe1 Ng6 19.Nxg6+ hxg6 20.Bc4 Bg5 21.Bxf7 Kh7
22.Bxg6+ Kxg6 23.Rxf8  1-0